[Event "27th 4NCL OTB Congress"]
[Site "Harrogate, United Kingdom"]
[Date "2022.01.21"]
[Round "1.1"]
[White "Clarke, Brandon G I"]
[Black "Stokes, Michael"]
[Result "1-0"]
[WhiteElo "2502"]
[BlackElo "2071"]
[PlyCount "79"]
[EventDate "2022.01.21"]

1. e4 e5 2. Nf3 Nc6 3. Bb5 a6 4. Ba4 Nf6 5. O-O b5 6. Bb3 Be7 7. Re1 O-O 8. c3
d6 9. h3 Na5 10. Bc2 c5 11. d4 Qc7 12. Nbd2 cxd4 13. cxd4 Re8 14. Nf1 h6 15. b3
Nc6 16. Bb2 Bf8 17. Rc1 Qb6 18. Ne3 g6 19. Bb1 Bb7 20. d5 Ne7 21. Qd2 Rac8 22.
Bc3 Ba8 23. g3 Qd8 24. Kh2 Qd7 25. g4 g5 26. Rg1 Ng6 27. h4 Nh7 28. Nf5 Nf4 29.
Kg3 Qc7 30. Bd3 gxh4+ 31. N3xh4 Qd8 32. Ng2 Nxd3 33. Qxd3 Qg5 34. Bd2 Qf6 35.
Rh1 Ng5 36. Rh5 Rxc1 37. Bxc1 Bb7 38. Bxg5 hxg5 39. Qd2 Be7 40. Rh6 1-0

[Event "27th 4NCL OTB Congress"]
[Site "Harrogate, United Kingdom"]
[Date "2022.01.21"]
[Round "1.2"]
[White "Horspool, Philip J"]
[Black "Sarakauskas, Gediminas"]
[Result "0-1"]
[WhiteElo "2068"]
[BlackElo "2500"]
[PlyCount "84"]
[EventDate "2022.01.21"]

1. e4 e5 2. Nf3 Nc6 3. Bb5 Nf6 4. Qe2 Bc5 5. d3 d6 6. c3 O-O 7. O-O h6 8. Be3
Bb6 9. a3 Ne7 10. Nbd2 Ng6 11. Ba4 Nh5 12. g3 f5 13. Bb3+ Kh8 14. Nxe5 Nxe5 15.
Qxh5 fxe4 16. dxe4 Bg4 17. Qh4 Qxh4 18. gxh4 Bh3 19. Bxb6 Rf4 20. f3 axb6 21.
Rfe1 Nxf3+ 22. Nxf3 Rxf3 23. Rad1 Raf8 24. Bc4 R8f4 25. Bf1 Rg4+ 26. Kh1 Rxh4
27. Bxh3 Rhxh3 28. Kg2 Rd3 29. Rxd3 Rxd3 30. Re2 Kg8 31. Kf1 Kf7 32. Rf2+ Ke6
33. Ke2 Rh3 34. Kd2 g5 35. Rg2 Ke5 36. Re2 g4 37. a4 h5 38. Kc2 h4 39. Rg2 Kf4
40. Kd2 g3 41. hxg3+ hxg3 42. Kd3 Kf3 0-1

[Event "27th 4NCL OTB Congress"]
[Site "Harrogate, United Kingdom"]
[Date "2022.01.21"]
[Round "1.3"]
[White "Arkell, Keith C"]
[Black "Pink, Joshua"]
[Result "1-0"]
[WhiteElo "2454"]
[BlackElo "2057"]
[PlyCount "93"]
[EventDate "2022.01.21"]

1. d4 Nf6 2. Nf3 c5 3. d5 e6 4. Nc3 b5 5. dxe6 fxe6 6. Nxb5 d5 7. e3 a6 8. Nc3
Bd6 9. e4 Bc7 10. e5 Ng4 11. h3 Nh6 12. Bxh6 gxh6 13. Qd2 Ba5 14. Qxh6 Qb6 15.
O-O-O Bxc3 16. bxc3 Nc6 17. Bd3 Bd7 18. Qh4 Ne7 19. Ng5 c4 20. Bxh7 O-O-O 21.
Qd4 Qa5 22. Qe3 Rxh7 23. Nxh7 Nf5 24. Qf3 Qa4 25. a3 Qxa3+ 26. Kd2 Qa2 27. Rc1
Ba4 28. Rhe1 Kb8 29. Red1 d4 30. Ke1 Bxc2 31. Ra1 Qb2 32. Rxa6 Rd5 33. Rda1
Qxc3+ 34. Qxc3 dxc3 35. Rxe6 Nd4 36. Re8+ Kb7 37. Nf6 Rb5 38. Re7+ Kc6 39. Ng4
Bf5 40. Ne3 c2 41. Ra6+ Kc5 42. Rc7+ Kb4 43. Rxc4+ Kb3 44. Kd2 Rxe5 45. Rxd4
Rc5 46. Rb6+ Ka3 47. Kc1 1-0

[Event "27th 4NCL OTB Congress"]
[Site "Harrogate, United Kingdom"]
[Date "2022.01.21"]
[Round "1.4"]
[White "Bak, Christopher"]
[Black "Willow, Jonah B"]
[Result "0-1"]
[WhiteElo "2052"]
[BlackElo "2425"]
[PlyCount "66"]
[EventDate "2022.01.21"]

1. c4 c5 2. g3 Nc6 3. Bg2 g6 4. Nc3 Bg7 5. Nf3 e6 6. d3 Nge7 7. Bg5 h6 8. Bd2
O-O 9. a3 a5 10. Qc1 Kh7 11. Qc2 b6 12. O-O Bb7 13. Rfd1 d5 14. Rab1 Nf5 15.
Nb5 Qd7 16. b4 axb4 17. axb4 cxb4 18. Bxb4 Nxb4 19. Rxb4 Rfc8 20. Qb3 Ra6 21.
Nc3 Rca8 22. d4 dxc4 23. Rxc4 Ra1 24. e3 R8a3 25. Qc2 Nd6 26. Ne5 Bxe5 27. dxe5
Nxc4 28. Nb1 Qa4 29. Qxa4 Rxa4 30. Bxb7 Rb4 31. Nc3 Rxd1+ 32. Nxd1 Rb1 33. Bf3
Nb2 0-1

[Event "27th 4NCL OTB Congress"]
[Site "Harrogate, United Kingdom"]
[Date "2022.01.21"]
[Round "1.5"]
[White "Wells, Peter K"]
[Black "Coates, Sam"]
[Result "1-0"]
[WhiteElo "2423"]
[BlackElo "2019"]
[PlyCount "109"]
[EventDate "2022.01.21"]

1. d4 d5 2. c4 e6 3. Nc3 Nf6 4. cxd5 exd5 5. Bg5 c6 6. e3 h6 7. Bh4 Be7 8. Qc2
O-O 9. Bd3 Re8 10. Nf3 Ne4 11. Bxe7 Qxe7 12. Bxe4 dxe4 13. Nd2 Bf5 14. O-O Bg6
15. Qb3 Na6 16. a3 Rab8 17. Rac1 Nc7 18. Nc4 Bf5 19. Qc2 Qf6 20. b4 Re6 21. Ne5
Qg5 22. Ne2 Nd5 23. Ng3 f6 24. h4 Qxh4 25. Nxf5 Qg5 26. Qxe4 fxe5 27. f4 Nf6
28. Qxe5 Rxe5 29. fxg5 Rxf5 30. Rxf5 hxg5 31. Rxg5 Re8 32. Re5 Rxe5 33. dxe5
Ng4 34. e6 Kf8 35. Rf1+ Nf6 36. g4 Ke7 37. g5 Ne4 38. Rf7+ Kxe6 39. Rxg7 b6 40.
Kg2 a5 41. bxa5 bxa5 42. g6 c5 43. Rc7 Kd6 44. g7 Kxc7 45. g8=Q Nd6 46. Qd5 Nb7
47. e4 Kb6 48. e5 a4 49. e6 Kc7 50. Qd7+ Kb6 51. e7 c4 52. e8=Q c3 53. Qb5+ Kc7
54. Qed7+ Kb8 55. Qbxb7# 1-0

[Event "27th 4NCL OTB Congress"]
[Site "Harrogate, United Kingdom"]
[Date "2022.01.21"]
[Round "1.6"]
[White "Faulkner, Martin J"]
[Black "Hunt, Harriet V"]
[Result "0-1"]
[WhiteElo "2017"]
[BlackElo "2413"]
[PlyCount "84"]
[EventDate "2022.01.21"]

1. c4 e5 2. Nc3 Nc6 3. Nf3 f5 4. g3 Nf6 5. d4 e4 6. Nh4 d6 7. Bh3 g6 8. Bg5 Bg7
9. e3 O-O 10. Ng2 Qe8 11. Bxf6 Rxf6 12. Nf4 Rf7 13. a3 g5 14. Nh5 Bh8 15. Bg2
Na5 16. Qe2 Be6 17. d5 Bd7 18. h4 g4 19. Nf4 Bxc3+ 20. bxc3 Qe5 21. O-O Qxc3
22. Rfc1 Qe5 23. Qc2 b6 24. Bf1 Nb7 25. Be2 Nc5 26. Qc3 Re8 27. Bd1 c6 28. Qd2
cxd5 29. cxd5 Bb5 30. a4 Bd3 31. a5 b5 32. Ra2 Bc4 33. Raa1 Nd3 34. Nxd3 exd3
35. a6 Qe4 36. Qb4 Bxd5 37. Qxe4 Rxe4 38. Rc8+ Kg7 39. Ra3 Bc4 40. Rc3 d5 41.
Rc6 d4 42. h5 dxc3 0-1

[Event "27th 4NCL OTB Congress"]
[Site "Harrogate, United Kingdom"]
[Date "2022.01.21"]
[Round "1.7"]
[White "Derakhshani, Borna"]
[Black "Hepworth, Peter"]
[Result "1-0"]
[WhiteElo "2404"]
[BlackElo "2007"]
[PlyCount "115"]
[EventDate "2022.01.21"]

1. Nf3 Nf6 2. b3 d5 3. Bb2 Bf5 4. e3 e6 5. c4 c6 6. Be2 Bd6 7. O-O Nbd7 8. Nc3
a6 9. Nh4 Bg6 10. f4 O-O 11. cxd5 cxd5 12. f5 exf5 13. Nxf5 Nb6 14. a4 Be5 15.
a5 Nc8 16. Ra4 Ne7 17. Nxe7+ Qxe7 18. Ba3 Bd6 19. Bxd6 Qxd6 20. Rd4 Rac8 21.
Rff4 Rfd8 22. Bf3 Qa3 23. Ra4 Qe7 24. Rfd4 Rc5 25. Qa1 Rdc8 26. Qa3 Qe6 27. h3
Bh5 28. Bxh5 Nxh5 29. Rd3 Qf5 30. Rad4 Ng3 31. Rxd5 Ne2+ 32. Kh2 Rxd5 33. Rxd5
Qe6 34. Qd6 Qxd6+ 35. Rxd6 Nxc3 36. dxc3 Kf8 37. c4 Ke7 38. Rd5 Ke6 39. Kg3 g6
40. Kf4 f6 41. Ke4 Rc7 42. Kd4 Rc8 43. e4 Rc7 44. c5 h5 45. Rd6+ Kf7 46. h4 Kg7
47. Kd5 Re7 48. b4 g5 49. g3 Re5+ 50. Kd4 Re7 51. c6 Kf7 52. cxb7 Rxb7 53. Rb6
Ra7 54. Kc5 Ke7 55. hxg5 Rc7+ 56. Kd4 fxg5 57. Rxa6 Kf7 58. Rh6 1-0

[Event "27th 4NCL OTB Congress"]
[Site "Harrogate, United Kingdom"]
[Date "2022.01.21"]
[Round "1.8"]
[White "Fathallah, Joe"]
[Black "Sowray, Peter J"]
[Result "0-1"]
[WhiteElo "1988"]
[BlackElo "2311"]
[PlyCount "168"]
[EventDate "2022.01.21"]

1. d4 d5 2. c4 e6 3. Nc3 Nf6 4. cxd5 exd5 5. Bg5 c6 6. e3 Bd6 7. Bd3 O-O 8. Qc2
h6 9. Bh4 Re8 10. Nge2 a5 11. Bg3 Na6 12. a3 Nc7 13. O-O Ne6 14. Rab1 Ng5 15.
b4 Bxg3 16. hxg3 Qd6 17. Bf5 Bxf5 18. Qxf5 Nge4 19. Nxe4 Nxe4 20. Rb2 Qe7 21.
Nf4 axb4 22. axb4 Ra3 23. b5 Nd6 24. Qh5 Nxb5 25. Nxd5 Qe4 26. Nb4 Ra4 27. Qc5
Rb8 28. Rc1 Ra3 29. Qc2 Qxc2 30. Rcxc2 Rc8 31. g4 Nd6 32. Kh2 Kf8 33. Ra2 Rca8
34. Rxa3 Rxa3 35. d5 Rb3 36. Na2 cxd5 37. Rd2 Ne4 38. Rxd5 Nxf2 39. Kg3 Ne4+
40. Kf4 Nf6 41. Rc5 Rb2 42. Nc3 Rxg2 43. Rc8+ Ke7 44. Rc7+ Ke6 45. Rxb7 Rxg4+
46. Kf3 Rc4 47. Rb6+ Kd7 48. Ne2 Rc6 49. Rb7+ Rc7 50. Rb5 g6 51. Nf4 Ke7 52.
Rb6 Rd7 53. Ne2 Nd5 54. Ra6 Kf8 55. e4 Ne7 56. Nf4 Kg7 57. e5 Nf5 58. e6 Nd4+
59. Kg4 Nxe6 60. Nxe6+ fxe6 61. Rxe6 Rd4+ 62. Kg3 h5 63. Ra6 Kh6 64. Rb6 h4+
65. Kh3 Kh5 66. Rb8 Rd3+ 67. Kh2 Rd2+ 68. Kh3 Rd3+ 69. Kh2 g5 70. Rb4 Rf3 71.
Kg2 Rf5 72. Kh3 g4+ 73. Kg2 h3+ 74. Kg3 Rf3+ 75. Kh2 Kh4 76. Ra4 Rf2+ 77. Kg1
Rg2+ 78. Kh1 Re2 79. Kg1 Kg3 80. Ra3+ Kf4 81. Ra8 Kf3 82. Ra7 Re1+ 83. Kh2 g3+
84. Kxh3 Rh1# 0-1

[Event "27th 4NCL OTB Congress"]
[Site "Harrogate, United Kingdom"]
[Date "2022.01.21"]
[Round "1.10"]
[White "Brencher, Paul"]
[Black "Townsend, M Paul"]
[Result "0-1"]
[WhiteElo "1975"]
[BlackElo "2283"]
[PlyCount "114"]
[EventDate "2022.01.21"]

1. d4 Nf6 2. Bg5 e6 3. e4 h6 4. Bxf6 Qxf6 5. c3 d6 6. Bd3 g6 7. Ne2 e5 8. O-O
Bg7 9. f4 Qe7 10. Nd2 O-O 11. f5 exd4 12. fxg6 fxg6 13. Rxf8+ Qxf8 14. Qb3+ Kh8
15. Rf1 Qe8 16. Nxd4 Na6 17. Bc4 Nc5 18. Qc2 Ne6 19. Nxe6 Bxe6 20. Qb3 Bxc4 21.
Qxc4 Rc8 22. a4 Qe7 23. Rf7 Qg5 24. Qe6 Rf8 25. Rxf8+ Bxf8 26. Qf7 Bg7 27. Qf2
b6 28. Qe2 Kh7 29. Nf3 Qc5+ 30. Kf1 Bf6 31. Qd3 Qc6 32. Qc2 Qc4+ 33. Kf2 Kg7
34. Nd2 Qc5+ 35. Kf1 Bg5 36. Nf3 Bf4 37. Qd3 h5 38. Qd4+ Qxd4 39. cxd4 Kf6 40.
Ke2 g5 41. h3 Ke6 42. Kd3 d5 43. e5 g4 44. hxg4 hxg4 45. Ne1 c5 46. Nc2 g3 47.
a5 c4+ 48. Ke2 bxa5 49. Kf3 Bc1 50. Kxg3 Bxb2 51. Kf3 a4 52. Nb4 Bxd4 53. g4
Bxe5 54. g5 a5 55. Nc2 Bb2 56. Ke3 Kf5 57. Kd2 a3 0-1

[Event "27th 4NCL OTB Congress"]
[Site "Harrogate, United Kingdom"]
[Date "2022.01.21"]
[Round "1.12"]
[White "Lampard, Alice"]
[Black "Wilks, Simon"]
[Result "1/2-1/2"]
[WhiteElo "1953"]
[BlackElo "2242"]
[PlyCount "137"]
[EventDate "2022.01.21"]

1. d4 Nf6 2. c4 e6 3. Nc3 Bb4 4. Qc2 O-O 5. Nf3 d5 6. e3 c5 7. a3 Bxc3+ 8. bxc3
Nc6 9. Be2 Qc7 10. O-O Rd8 11. Rd1 Qe7 12. Bb2 b6 13. cxd5 exd5 14. c4 Be6 15.
Rac1 cxd4 16. cxd5 Bxd5 17. Nxd4 Nxd4 18. Rxd4 Be6 19. Qc7 Qxc7 20. Rxc7 Rxd4
21. Bxd4 Nd5 22. Rc1 Rc8 23. Rxc8+ Bxc8 24. Be5 Kf8 25. Bb5 Bb7 26. Bd6+ Kg8
27. Kf1 a6 28. Bd3 Nc3 29. f3 b5 30. Ke1 Bd5 31. Kd2 Na4 32. Bb4 f6 33. Bf5 Nb6
34. Kc3 g6 35. Bc2 Kf7 36. Kd4 Ke6 37. e4 Bc4 38. f4 f5 39. Ba5 Nd7 40. e5 Ba2
41. h3 h5 42. Bd1 Bd5 43. g4 hxg4 44. hxg4 Nb8 45. gxf5+ gxf5 46. Kc5 Nc6 47.
Bc3 Ne7 48. Kb6 Bc4 49. Kc5 Ng6 50. Bd2 Ba2 51. Be2 Bb3 52. Kb4 Ba2 53. Kc5
Nxe5 54. fxe5 Kxe5 55. Bf3 f4 56. Bc3+ Kf5 57. Kb6 Bc4 58. Kc5 Bf1 59. Kd4 Bh3
60. Bb4 Ke6 61. Ke4 Kd7 62. Kxf4 Kc7 63. Bc5 a5 64. Ke3 Bd7 65. Kd4 b4 66. Bxb4
axb4 67. axb4 Kb6 68. Be2 Bh3 69. Bd3 1/2-1/2

[Event "27th 4NCL OTB Congress"]
[Site "Harrogate, United Kingdom"]
[Date "2022.01.21"]
[Round "1.13"]
[White "Onslow, Alfie"]
[Black "Wedge, David C"]
[Result "1-0"]
[WhiteElo "2237"]
[BlackElo "1906"]
[PlyCount "59"]
[EventDate "2022.01.21"]

1. e4 d6 2. d4 g6 3. Nc3 Bg7 4. Be3 a6 5. Qd2 b5 6. f3 Nc6 7. O-O-O e5 8. d5
Na5 9. g4 h6 10. h4 Bd7 11. Nh3 Qxh4 12. g5 hxg5 13. Nf2 Qxh1 14. Nxh1 Rxh1 15.
Bxg5 f6 16. Be3 b4 17. Nb1 Rxf1 18. Rxf1 Nc4 19. Qg2 O-O-O 20. Bd2 Ne7 21. Rh1
a5 22. a3 c5 23. dxc6 Bxc6 24. axb4 axb4 25. Bxb4 f5 26. Qe2 Bb5 27. b3 fxe4
28. fxe4 Na3 29. c4 Nxb1 30. cxb5 1-0

[Event "27th 4NCL OTB Congress"]
[Site "Harrogate, United Kingdom"]
[Date "2022.01.21"]
[Round "1.15"]
[White "Jarmany, John"]
[Black "Miller, George"]
[Result "1-0"]
[WhiteElo "2200"]
[BlackElo "1889"]
[PlyCount "52"]
[EventDate "2022.01.21"]

1. d4 d5 2. c4 e6 3. Nc3 c5 4. cxd5 exd5 5. e4 dxe4 6. Bc4 Bf5 7. Qb3 Bg6 8.
Qxb7 Nd7 9. Nb5 Rc8 10. Bf4 cxd4 11. Nc7+ Rxc7 12. Bxc7 Bb4+ 13. Kf1 Nc5 14.
Bb5+ Kf8 15. Qc6 Ne7 16. Qxc5 Bxc5 17. Bxd8 d3 18. Rc1 Bd6 19. Ne2 Nf5 20. Rc8
f6 21. Nc3 Nd4 22. Bc7+ Ke7 23. Bxd6+ Kxd6 24. Rxh8 Nxb5 25. Nxb5+ Kc5 26. Nc3
Be8 1-0

[Event "27th 4NCL OTB Congress"]
[Site "Harrogate, United Kingdom"]
[Date "2022.01.21"]
[Round "1.16"]
[White "De Sousa Muachikape, Jael"]
[Black "Burnett, Andrew"]
[Result "0-1"]
[WhiteElo "1841"]
[BlackElo "2183"]
[PlyCount "63"]
[EventDate "2022.01.21"]

1. d4 Nf6 2. c4 c5 3. d5 e5 4. Nc3 d6 5. e4 Nbd7 6. Nf3 g6 7. Be2 a6 8. Bg5 h6
9. Bd2 Bg7 10. Qc2 O-O 11. h3 Nh5 12. Qc1 Kh7 13. g4 Nf4 14. Bxf4 exf4 15. g5
Ne5 16. Qxf4 Nxf3+ 17. Qxf3 Qxg5 18. h4 Qe5 19. Rg1 Bd7 20. Rb1 b5 21. Bd3 bxc4
22. Bxc4 Rab8 23. Rg3 f5 24. Bxa6 fxe4 25. Qg2 Rf3 26. Nd1 Rxg3 27. fxg3 Qxd5
28. Qc2 Qe5 29. Kf2 e3+ 30. Nxe3 Rf8+ 31. Ke2 Bg4+ 32. Ke1 0-1

[Event "27th 4NCL OTB Congress"]
[Site "Harrogate, United Kingdom"]
[Date "2022.01.22"]
[Round "2.1"]
[White "Townsend, M Paul"]
[Black "Clarke, Brandon G I"]
[Result "1/2-1/2"]
[WhiteElo "2283"]
[BlackElo "2502"]
[PlyCount "60"]
[EventDate "2022.01.21"]

1. d4 Nf6 2. c4 g6 3. Nf3 Bg7 4. e3 O-O 5. Be2 b6 6. O-O Bb7 7. Nc3 e6 8. b4 d6
9. a4 a5 10. b5 Re8 11. Bb2 Nbd7 12. Qc2 e5 13. Rfd1 exd4 14. exd4 Nh5 15. g3
f5 16. Re1 Re7 17. Rad1 Qf8 18. Nd5 Bxd5 19. cxd5 Bf6 20. Bf1 Qd8 21. Bc1 Nf8
22. h4 Qd7 23. Rxe7 Bxe7 24. Re1 Re8 25. Qc6 Ng7 26. Bg5 Bxg5 27. Qxd7 Nxd7 28.
hxg5 Rxe1 29. Nxe1 h6 30. f4 hxg5 1/2-1/2

[Event "27th 4NCL OTB Congress"]
[Site "Harrogate, United Kingdom"]
[Date "2022.01.22"]
[Round "2.2"]
[White "Sarakauskas, Gediminas"]
[Black "Onslow, Alfie"]
[Result "1-0"]
[WhiteElo "2500"]
[BlackElo "2237"]
[PlyCount "49"]
[EventDate "2022.01.21"]

1. Nf3 Nf6 2. g3 c5 3. Bg2 Nc6 4. d4 cxd4 5. Nxd4 e5 6. Nb5 d6 7. Bg5 Be6 8.
O-O Be7 9. N1c3 a6 10. Bxf6 gxf6 11. Na3 Rc8 12. Nd5 Na5 13. b3 b5 14. Nb1 Nc6
15. a4 b4 16. Nd2 f5 17. Nc4 Na5 18. Nce3 Nc6 19. Qd3 e4 20. Qxa6 Nd4 21. Rfd1
Rc6 22. Qb7 Bf6 23. Rxd4 Bxd4 24. Qxc6+ Bd7 25. Qxd6 1-0

[Event "27th 4NCL OTB Congress"]
[Site "Harrogate, United Kingdom"]
[Date "2022.01.22"]
[Round "2.3"]
[White "Burnett, Andrew"]
[Black "Arkell, Keith C"]
[Result "0-1"]
[WhiteElo "2183"]
[BlackElo "2454"]
[PlyCount "122"]
[EventDate "2022.01.21"]

1. d4 Nf6 2. c4 e6 3. Nc3 Bb4 4. Nf3 c5 5. g3 Bxc3+ 6. bxc3 d6 7. Bg2 O-O 8.
O-O Nc6 9. Bg5 h6 10. Bxf6 Qxf6 11. Nd2 Qe7 12. Bxc6 bxc6 13. dxc5 d5 14. Qa4
Qxc5 15. Nb3 Qd6 16. c5 Qc7 17. Qa5 Qe7 18. c4 Bd7 19. Rac1 Rfc8 20. Rfd1 Rab8
21. Qxa7 Ra8 22. Qb7 Qd8 23. Qb6 Qf6 24. Rd2 Ra4 25. e4 Rca8 26. Qc7 R4a7 27.
Qd6 dxe4 28. Re1 Be8 29. Rxe4 Rd7 30. Qf4 Qxf4 31. Rxf4 Rxd2 32. Nxd2 Rxa2 33.
Rd4 Kf8 34. Ne4 Ke7 35. Nd6 Ra8 36. Nxe8 Kxe8 37. Rd6 Ra6 38. h4 g5 39. hxg5
hxg5 40. f3 Ke7 41. g4 Kf6 42. Kf2 Ke5 43. Kg3 f6 44. Rd1 f5 45. gxf5 exf5 46.
Rd6 Ra3 47. Kf2 Rc3 48. Rxc6 Kf4 49. Rd6 Rc2+ 50. Ke1 Kxf3 51. c6 Rxc4 52. Kd2
Ke4 53. Re6+ Kd5 54. Rf6 Ke5 55. Rg6 g4 56. Kd3 Rc5 57. Rh6 g3 58. Rg6 Kf4 59.
Ke2 Re5+ 60. Kd3 Kf3 61. Kd4 Re8 0-1

[Event "27th 4NCL OTB Congress"]
[Site "Harrogate, United Kingdom"]
[Date "2022.01.22"]
[Round "2.4"]
[White "Willow, Jonah B"]
[Black "Jarmany, John"]
[Result "1/2-1/2"]
[WhiteElo "2425"]
[BlackElo "2200"]
[PlyCount "75"]
[EventDate "2022.01.21"]

1. e4 e6 2. d4 d5 3. Nd2 Nf6 4. e5 Nfd7 5. c3 c5 6. f4 Nc6 7. Ndf3 Qb6 8. g3
cxd4 9. cxd4 f6 10. Ne2 Bb4+ 11. Nc3 fxe5 12. fxe5 O-O 13. Bf4 Ndxe5 14. Bxe5
Nxe5 15. Nxe5 Bxc3+ 16. bxc3 Qb2 17. Qc1 Qf2+ 18. Kd1 Qxf1+ 19. Rxf1 Rxf1+ 20.
Kd2 Rxc1 21. Rxc1 b6 22. Rf1 Rb8 23. Rf7 Rb7 24. Rxb7 Bxb7 25. h4 Kf8 26. Ke3
Ke7 27. Kf4 Kd6 28. Nf7+ Ke7 29. Ng5 h6 30. Nf3 Ba6 31. Ke5 Bc4 32. a3 Be2 33.
Ne1 a5 34. Ng2 Kd7 35. Ne3 Ke7 36. Ng2 Kd7 37. Ne3 Ke7 38. Ng2 1/2-1/2

[Event "27th 4NCL OTB Congress"]
[Site "Harrogate, United Kingdom"]
[Date "2022.01.22"]
[Round "2.5"]
[White "Gomez, Daniel"]
[Black "Wells, Peter K"]
[Result "0-1"]
[WhiteElo "2072"]
[BlackElo "2423"]
[PlyCount "44"]
[EventDate "2022.01.21"]

1. e4 c6 2. Nc3 d5 3. Nf3 Bg4 4. h3 Bxf3 5. gxf3 e6 6. d4 Nf6 7. Be3 Bb4 8. Qd3
Qa5 9. Bg2 c5 10. dxc5 Nc6 11. O-O dxe4 12. Nxe4 Nxe4 13. fxe4 Bxc5 14. c3 Rd8
15. Qe2 Bxe3 16. Qxe3 O-O 17. f4 Rd7 18. Bf3 Rfd8 19. Rfd1 Rxd1+ 20. Bxd1 Qb5
21. Bb3 Rd3 22. c4 Qxb3 0-1

[Event "27th 4NCL OTB Congress"]
[Site "Harrogate, United Kingdom"]
[Date "2022.01.22"]
[Round "2.6"]
[White "Hunt, Harriet V"]
[Black "Stubbs, Oliver"]
[Result "1-0"]
[WhiteElo "2413"]
[BlackElo "2085"]
[PlyCount "85"]
[EventDate "2022.01.21"]

1. e4 e6 2. d4 d5 3. Nd2 c5 4. Ngf3 cxd4 5. Nxd4 Nc6 6. Bb5 Bd7 7. Nxc6 bxc6 8.
Bd3 Bd6 9. Qe2 e5 10. O-O Ne7 11. c4 d4 12. f4 exf4 13. e5 Bc7 14. Ne4 Ng6 15.
Nd6+ Bxd6 16. exd6+ Be6 17. c5 O-O 18. Bxf4 Qa5 19. Qc2 Rab8 20. Bd2 Qd8 21. b4
Re8 22. Be4 Bd7 23. Rae1 Qh4 24. Qd3 Ne5 25. Qxd4 Ng4 26. Bf4 Nf6 27. g3 Qh3
28. Bg2 Qg4 29. Re7 Rxe7 30. dxe7 Re8 31. Re1 h6 32. Qd6 Rc8 33. a3 h5 34. Qd1
Qxd1 35. Rxd1 Re8 36. Bd6 Ng4 37. Rd3 f5 38. b5 cxb5 39. Bd5+ Kh7 40. c6 Bc8
41. Bf7 Ne5 42. Bxe8 Nxd3 43. Bg6+ 1-0

[Event "27th 4NCL OTB Congress"]
[Site "Harrogate, United Kingdom"]
[Date "2022.01.22"]
[Round "2.7"]
[White "Gordon, Sean"]
[Black "Derakhshani, Borna"]
[Result "0-1"]
[WhiteElo "1824"]
[BlackElo "2404"]
[PlyCount "76"]
[EventDate "2022.01.21"]

1. e4 c6 2. Nf3 d5 3. Nc3 dxe4 4. Nxe4 Nf6 5. Qe2 Na6 6. Nxf6+ gxf6 7. d4 Bg4
8. c3 Qd5 9. h3 Bh5 10. Bf4 O-O-O 11. Qe3 e5 12. Nxe5 fxe5 13. Qxe5 Bd6 14.
Qxd5 cxd5 15. Bxd6 Rxd6 16. Bxa6 Re8+ 17. Kd2 Rxa6 18. f3 Rae6 19. Rhe1 Rxe1
20. Rxe1 Rxe1 21. Kxe1 Bg6 22. Ke2 Bb1 23. a3 Kd7 24. Ke3 a5 25. Kf4 f6 26. g4
Ke6 27. h4 a4 28. Ke3 Bc2 29. f4 b5 30. h5 Bd1 31. f5+ Kf7 32. Kf4 Kg7 33. Kg3
Kh6 34. Kf4 Be2 35. g5+ fxg5+ 36. Ke5 g4 37. f6 g3 38. f7 Kg7 0-1

[Event "27th 4NCL OTB Congress"]
[Site "Harrogate, United Kingdom"]
[Date "2022.01.22"]
[Round "2.12"]
[White "Mckay, Jonathan"]
[Black "Sedykh, Mikhail"]
[Result "1-0"]
[WhiteElo "1941"]
[BlackElo "2249"]
[PlyCount "127"]
[EventDate "2022.01.21"]

1. d4 d5 2. c4 e6 3. Nc3 Nf6 4. cxd5 exd5 5. Bg5 Be7 6. e3 c6 7. Bd3 Nbd7 8.
Qc2 O-O 9. Nf3 Re8 10. O-O Nf8 11. h3 Ne4 12. Bf4 Ng5 13. Bxg5 Bxg5 14. b4 Be7
15. b5 Bd6 16. bxc6 bxc6 17. e4 Qa5 18. Nd2 g6 19. Nb3 Qd8 20. e5 Ba3 21. f4 f5
22. exf6 Qxf6 23. f5 gxf5 24. Bxf5 Qg5 25. Na4 Ba6 26. Rf2 Bd6 27. Bg4 Bc8 28.
Qxc6 Bxg4 29. Qxd6 Bxh3 30. Nc3 Rad8 31. Qf6 Qxf6 32. Rxf6 Bc8 33. Nc5 Ne6 34.
Nxe6 Rxe6 35. Rf5 Red6 36. Rg5+ Kh8 37. Re1 h6 38. Rge5 R6d7 39. Na4 Kg7 40.
Nc5 Rf7 41. Rh5 Kg6 42. Ree5 Bf5 43. Rh4 h5 44. Rf4 Bg4 45. Rxf7 Kxf7 46. g3
Rb8 47. Nd3 Rb1+ 48. Kf2 Ra1 49. Nb4 a5 50. Nxd5 Rxa2+ 51. Ke3 Ra3+ 52. Kf4
Rf3+ 53. Ke4 a4 54. Re7+ Kf8 55. Ra7 a3 56. Ke5 Rxg3 57. Nf4 Re3+ 58. Kf6 Ke8
59. d5 h4 60. Kg5 Bd7 61. Kf6 Bb5 62. Ne6 Rf3+ 63. Ke5 h3 64. Kd6 1-0

[Event "27th 4NCL OTB Congress"]
[Site "Harrogate, United Kingdom"]
[Date "2022.01.22"]
[Round "2.14"]
[White "Smith, Andrew Philip"]
[Black "Lampard, Alice"]
[Result "1/2-1/2"]
[WhiteElo "2203"]
[BlackElo "1953"]
[PlyCount "73"]
[EventDate "2022.01.21"]

1. e4 c5 2. Nf3 Nc6 3. b3 d6 4. Bb2 Nf6 5. Nc3 e5 6. Bc4 Be7 7. h3 Bd7 8. Qe2
h6 9. Nd5 Rb8 10. c3 a6 11. O-O b5 12. Nxf6+ Bxf6 13. Bd5 O-O 14. d4 exd4 15.
cxd4 Re8 16. dxc5 Bxb2 17. Qxb2 dxc5 18. Rac1 Nb4 19. Rfd1 Qe7 20. a3 Nxd5 21.
exd5 Qd6 22. Qc3 Rbc8 23. Nd2 Re5 24. Nf1 Rxd5 25. Ne3 Rd4 26. Qa1 Be6 27. b4
Rxd1+ 28. Rxd1 Qe7 29. Qe5 Qf8 30. Rd6 c4 31. Rxa6 c3 32. Nc2 Bb3 33. Qe4 Re8
34. Qd3 Bxc2 35. Qxc2 Rc8 36. Ra7 Qe8 37. g3 1/2-1/2

[Event "27th 4NCL OTB Congress"]
[Site "Harrogate, United Kingdom"]
[Date "2022.01.22"]
[Round "2.16"]
[White "Gardiner, Eric D"]
[Black "Sheppard, Derek Alan"]
[Result "1-0"]
[WhiteElo "2054"]
[BlackElo "1698"]
[PlyCount "55"]
[EventDate "2022.01.21"]

1. e4 c5 2. c3 d5 3. exd5 Qxd5 4. d4 cxd4 5. cxd4 Nc6 6. Nf3 Bg4 7. Nc3 Qd8 8.
d5 Bxf3 9. gxf3 Ne5 10. f4 Nd7 11. Bg2 Ngf6 12. Be3 g6 13. O-O Bg7 14. d6 O-O
15. f5 exd6 16. Qxd6 Ng4 17. Qg3 gxf5 18. Bf4 Nge5 19. Rad1 Qf6 20. Nd5 Qa6 21.
Nc7 Qf6 22. Nxa8 Rxa8 23. Rd2 Kh8 24. Rfd1 Qe7 25. Qe3 Re8 26. b3 Bf6 27. Kf1
Rd8 28. Bxe5 1-0

[Event "27th 4NCL OTB Congress"]
[Site "Harrogate, United Kingdom"]
[Date "2022.01.22"]
[Round "2.17"]
[White "Hepworth, Peter"]
[Black "Longson, Sarah N"]
[Result "1/2-1/2"]
[WhiteElo "2007"]
[BlackElo "2177"]
[PlyCount "65"]
[EventDate "2022.01.21"]

1. Nf3 Nf6 2. d4 d5 3. Bf4 Bf5 4. e3 e6 5. Be2 Bd6 6. Bg5 h6 7. Bh4 Nbd7 8.
Nbd2 c6 9. O-O O-O 10. c4 Qe7 11. a3 e5 12. c5 Bc7 13. b4 Rfe8 14. Rc1 g5 15.
Bg3 Ne4 16. dxe5 Nxg3 17. hxg3 Nxe5 18. Nb3 Ng4 19. Nfd4 Nxe3 20. Nxf5 Nxf5 21.
Bd3 Nxg3 22. fxg3 Qe3+ 23. Kh1 Qxg3 24. Qh5 Bf4 25. Rf3 Re1+ 26. Rxe1 Qxe1+ 27.
Bf1 Re8 28. g3 Re3 29. gxf4 Rxb3 30. Rxb3 Qxf1+ 31. Kh2 Qf2+ 32. Kh3 Qf1+ 33.
Kg4 1/2-1/2

[Event "27th 4NCL OTB Congress"]
[Site "Harrogate, United Kingdom"]
[Date "2022.01.22"]
[Round "2.20"]
[White "Wedge, David C"]
[Black "Horspool, Philip J"]
[Result "0-1"]
[WhiteElo "1906"]
[BlackElo "2068"]
[PlyCount "90"]
[EventDate "2022.01.21"]

1. e4 e5 2. Nf3 Nc6 3. Bc4 Nf6 4. Ng5 d5 5. exd5 Na5 6. Bb5+ Bd7 7. Qe2 Be7 8.
Nc3 O-O 9. Bd3 Bg4 10. f3 Bh5 11. h4 e4 12. Bxe4 Nxe4 13. Ngxe4 f5 14. d3 fxe4
15. Qxe4 b6 16. Bd2 Bg6 17. Qg4 Bf5 18. Qg3 Bd6 19. Qf2 Qe7+ 20. Ne4 Rae8 21.
Be3 Bxe4 22. dxe4 Be5 23. c3 Nc4 24. Bg5 Qd6 25. O-O-O Bf4+ 26. Bxf4 Qxf4+ 27.
Kb1 Nd6 28. Qd2 Qg3 29. Rh3 Qf4 30. Qxf4 Rxf4 31. b3 Re5 32. Kc2 Kf8 33. Kd3
Re7 34. a3 Ke8 35. c4 Nb7 36. b4 Kd7 37. Ke3 Rf8 38. f4 Nd6 39. c5 Nxe4 40. Kf3
bxc5 41. bxc5 Nxc5 42. Rhh1 Rb8 43. a4 Rb3+ 44. Kg4 Ne4 45. Rhf1 Rg3+ 0-1